|
|
|
|
| LEADER |
00000nam0a2200000 4500 |
| 001 |
260281 |
| 005 |
20231101233450.0 |
| 010 |
|
|
|a 5020138886
|
| 020 |
|
|
|a RU
|b 88-30347
|
| 035 |
|
|
|a (RuTPU)RU\TPU\book\283229
|
| 090 |
|
|
|a 260281
|
| 100 |
|
|
|a 20140514d1988 k y0rusy5003 ca
|
| 101 |
0 |
|
|a rus
|
| 102 |
|
|
|a RU
|
| 105 |
|
|
|a a z 001zy
|
| 200 |
1 |
|
|a Матрично-геометрические методы в механике с приложениями к задачам робототехники
|f В. В. Величенко
|
| 210 |
|
|
|a Москва
|c Наука
|d 1988
|
| 215 |
|
|
|a 279 с.
|c ил.
|
| 225 |
1 |
|
|a Научные основы робототехники
|
| 320 |
|
|
|a Библиогр.: с. 276-279 (100 назв.).
|
| 606 |
1 |
|
|a Механика общая
|2 stltpush
|3 (RuTPU)RU\TPU\subj\46637
|9 65755
|
| 610 |
1 |
|
|a матрицы
|
| 610 |
1 |
|
|a геометрические методы
|
| 610 |
1 |
|
|a приложения
|
| 610 |
1 |
|
|a робототехника
|
| 610 |
1 |
|
|a матричный анализ
|
| 610 |
1 |
|
|a задачи
|
| 610 |
1 |
|
|a решения
|
| 610 |
1 |
|
|a применение
|
| 610 |
1 |
|
|a ЭВМ
|
| 610 |
1 |
|
|a уравнения
|
| 675 |
|
|
|a 531
|z rus
|v 3
|
| 700 |
|
1 |
|a Величенко
|b В. В.
|g Владислав Викторович
|4 070
|
| 801 |
|
0 |
|a RU
|b RuMRKP
|c 19950417
|g psbo
|
| 801 |
|
1 |
|a RU
|b 63413507
|c 20140514
|
| 801 |
|
2 |
|a RU
|b 63413507
|c 20160419
|g RCR
|
| 942 |
|
|
|c BK
|